[Event "N1 Reykjavik Open 2014"]
[Site "Reykjavik, Iceland"]
[Date "2014.03.12"]
[Round "10.1"]
[White "Van Kampen, Robin"]
[Black "Li, Chao"]
[Result "1/2-1/2"]
[WhiteElo "2603"]
[BlackElo "2700"]
[LiveChessVersion "1.4.2"]

1. e4 
    {[%clk 1:30:57]}
1. ... e5 
    {[%clk 1:29:48]}
2. Bc4 
    {[%clk 1:31:16]}
2. ... Nf6 
    {[%clk 1:30:05]}
3. d3 
    {[%clk 1:31:40]}
3. ... c6 
    {[%clk 1:30:14]}
4. Nf3 
    {[%clk 1:32:02]}
4. ... d5 
    {[%clk 1:30:34]}
5. Bb3 
    {[%clk 1:32:28]}
5. ... a5 
    {[%clk 1:30:04]}
6. a4 
    {[%clk 1:25:08]}
6. ... Bb4+ 
    {[%clk 1:29:48]}
7. c3 
    {[%clk 1:24:54]}
7. ... Bd6 
    {[%clk 1:30:13]}
8. Bg5 
    {[%clk 1:17:18]}
8. ... Be6 
    {[%clk 1:25:47]}
9. d4 
    {[%clk 1:10:30]}
9. ... dxe4 
    {[%clk 1:19:57]}
10. Nxe5 
    {[%clk 1:10:33]}
10. ... Bxe5 
    {[%clk 1:19:21]}
11. Bxe6 
    {[%clk 1:00:06]}
11. ... fxe6 
    {[%clk 1:18:49]}
12. dxe5 
    {[%clk 1:00:29]}
12. ... Qxd1+ 
    {[%clk 1:18:57]}
13. Kxd1 
    {[%clk 1:00:52]}
13. ... Ng4 
    {[%clk 1:18:59]}
14. Ke2 
    {[%clk 1:00:29]}
14. ... O-O 
    {[%clk 0:43:37]}
15. Be3 
    {[%clk 1:00:47]}
15. ... Nd7 
    {[%clk 0:39:44]}
16. Nd2 
    {[%clk 1:00:54]}
16. ... Nxe3 
    {[%clk 0:39:27]}
17. Kxe3 
    {[%clk 1:01:08]}
17. ... Nxe5 
    {[%clk 0:38:41]}
18. Nxe4 
    {[%clk 1:01:18]}
18. ... Rad8 
    {[%clk 0:37:33]}
19. Rhd1 
    {[%clk 0:59:20]}
19. ... Rd5 
    {[%clk 0:26:47]}
20. Ke2 
    {[%clk 0:58:09]}
20. ... Ng4 
    {[%clk 0:24:29]}
21. f3 
    {[%clk 0:55:09]}
21. ... Re5 
    {[%clk 0:24:43]}
22. Rd4 
    {[%clk 0:42:44]}
22. ... Nf6 
    {[%clk 0:24:54]}
23. Rad1 
    {[%clk 0:42:07]}
23. ... b5 
    {[%clk 0:22:15]}
24. axb5 
    {[%clk 0:34:13]}
24. ... Nxe4 
    {[%clk 0:19:45]}
25. Rxe4 
    {[%clk 0:32:55]}
25. ... Rxb5 
    {[%clk 0:20:10]}
26. b4 
    {[%clk 0:26:22]}
26. ... axb4 
    {[%clk 0:17:37]}
27. cxb4 
    {[%clk 0:25:50]}
27. ... e5 
    {[%clk 0:15:08]}
28. Rc1 
    {[%clk 0:24:05]}
28. ... Rfb8 
    {[%clk 0:13:48]}
29. Rxc6 
    {[%clk 0:22:11]}
29. ... Rxb4 
    {[%clk 0:14:06]}
30. Rxe5 
    {[%clk 0:22:06]}
30. ... Rb2+ 
    {[%clk 0:14:01]}
31. Kf1 
    {[%clk 0:22:28]}
31. ... Rb1+ 
    {[%clk 0:13:43]}
32. Kf2 
    {[%clk 0:22:50]}
32. ... R8b2+ 
    {[%clk 0:13:59]}
33. Re2 
    {[%clk 0:22:17]}
33. ... Rxe2+ 
    {[%clk 0:14:24]}
34. Kxe2 
    {[%clk 0:22:39]}
34. ... Rb2+ 
    {[%clk 0:14:51]}
35. Kf1 
    {[%clk 0:23:03]}
35. ... Kf7 
    {[%clk 0:15:14]}
36. Kg1 
    {[%clk 0:23:04]}
36. ... h5 
    {[%clk 0:14:41]}
37. h4 
    {[%clk 0:22:38]}
37. ... Rb4 
    {[%clk 0:14:25]}
38. g3 
    {[%clk 0:23:04]}
38. ... Rb2 
    {[%clk 0:14:25]}
39. Kf1 
    {[%clk 0:23:29]}
39. ... g6 
    {[%clk 0:14:19]}
40. Rc4 1/2-1/2

[Event "N1 Reykjavik Open 2014"]
[Site "Reykjavik, Iceland"]
[Date "2014.03.12"]
[Round "10.2"]
[White "Hansen, Eric"]
[Black "Olafsson, Helgi"]
[Result "1/2-1/2"]
[WhiteElo "2587"]
[BlackElo "2546"]
[LiveChessVersion "1.4.2"]

1. e4 
    {[%clk 1:30:56]}
1. ... e5 
    {[%clk 1:30:29]}
2. Nf3 
    {[%clk 1:28:32]}
2. ... Nf6 
    {[%clk 1:30:27]}
3. Nxe5 
    {[%clk 1:28:21]}
3. ... d6 
    {[%clk 1:30:48]}
4. Nf3 
    {[%clk 1:28:41]}
4. ... Nxe4 
    {[%clk 1:31:12]}
5. d4 
    {[%clk 1:20:57]}
5. ... d5 
    {[%clk 1:31:06]}
6. Bd3 
    {[%clk 1:21:24]}
6. ... Nc6 
    {[%clk 1:31:21]}
7. O-O 
    {[%clk 1:21:31]}
7. ... Bg4 
    {[%clk 1:31:37]}
8. Nbd2 
    {[%clk 1:03:28]}
8. ... Nxd2 
    {[%clk 1:29:13]}
9. Bxd2 
    {[%clk 1:03:48]}
9. ... Be7 
    {[%clk 1:23:45]}
10. c3 
    {[%clk 1:01:29]}
10. ... O-O 
    {[%clk 1:23:10]}
11. h3 
    {[%clk 1:01:43]}
11. ... Bh5 
    {[%clk 1:23:10]}
12. Re1 
    {[%clk 1:01:59]}
12. ... Bd6 
    {[%clk 1:20:19]}
13. Bf5 
    {[%clk 0:37:39]}
13. ... Kh8 
    {[%clk 1:15:23]}
14. g4 
    {[%clk 0:35:04]}
14. ... Bg6 
    {[%clk 1:15:39]}
15. Qc2 
    {[%clk 0:35:28]}
15. ... Bxf5 
    {[%clk 1:10:26]}
16. Qxf5 
    {[%clk 0:35:46]}
16. ... Ne7 
    {[%clk 1:10:51]}
17. Qd3 
    {[%clk 0:31:59]}
17. ... f6 
    {[%clk 0:59:00]}
18. Re2 
    {[%clk 0:29:47]}
18. ... Qd7 
    {[%clk 0:58:24]}
19. Rae1 
    {[%clk 0:30:08]}
19. ... Rae8 
    {[%clk 0:58:01]}
20. Nh4 
    {[%clk 0:29:49]}
20. ... g5 
    {[%clk 0:56:47]}
21. Ng2 
    {[%clk 0:28:46]}
21. ... Ng6 
    {[%clk 0:51:42]}
22. Qf3 
    {[%clk 0:28:13]}
22. ... Rxe2 
    {[%clk 0:48:32]}
23. Rxe2 
    {[%clk 0:28:37]}
23. ... c6 
    {[%clk 0:44:39]}
24. b3 
    {[%clk 0:27:04]}
24. ... b5 
    {[%clk 0:42:49]}
25. Qf5 
    {[%clk 0:17:06]}
25. ... Rf7 
    {[%clk 0:28:38]}
26. Qxd7 
    {[%clk 0:10:32]}
26. ... Rxd7 
    {[%clk 0:28:59]}
27. Re8+ 
    {[%clk 0:07:35]}
27. ... Kg7 
    {[%clk 0:29:22]}
28. Ne3 
    {[%clk 0:07:44]}
28. ... Kf7 
    {[%clk 0:28:54]}
29. Rc8 
    {[%clk 0:07:54]}
29. ... Ne7 
    {[%clk 0:23:18]}
30. Rh8 
    {[%clk 0:08:16]}
30. ... Kg6 
    {[%clk 0:21:19]}
31. Ra8 
    {[%clk 0:06:43]}
31. ... c5 
    {[%clk 0:21:07]}
32. dxc5 
    {[%clk 0:06:39]}
32. ... Bxc5 
    {[%clk 0:21:28]}
33. Nc2 
    {[%clk 0:03:23]}
33. ... h5 
    {[%clk 0:20:00]}
34. Rb8 
    {[%clk 0:02:19]}
34. ... Bb6 
    {[%clk 0:19:15]}
35. Be3 
    {[%clk 0:02:17]}
35. ... Nc6 
    {[%clk 0:16:58]}
36. Rg8+ 
    {[%clk 0:01:22]}
36. ... Kf7 
    {[%clk 0:16:52]}
37. Rh8 
    {[%clk 0:01:34]}
37. ... Bxe3 
    {[%clk 0:16:28]}
38. Nxe3 
    {[%clk 0:01:42]}
38. ... hxg4 
    {[%clk 0:16:51]}
39. hxg4 
    {[%clk 0:01:22]}
39. ... d4 
    {[%clk 0:16:33]}
40. cxd4 
    {[%clk 0:31:09]}
40. ... Nxd4 
    {[%clk 0:45:08]}
41. Kg2 
    {[%clk 0:26:11]}
1/2-1/2

[Event "N1 Reykjavik Open 2014"]
[Site "Reykjavik, Iceland"]
[Date "2014.03.12"]
[Round "10.3"]
[White "L'Ami, Erwin"]
[Black "Gretarsson, Hjorvar Steinn"]
[Result "1/2-1/2"]
[WhiteElo "2646"]
[BlackElo "2511"]
[LiveChessVersion "1.4.2"]

1. d4 
    {[%clk 1:30:56]}
1. ... Nf6 
    {[%clk 1:25:35]}
2. c4 
    {[%clk 1:30:48]}
2. ... e6 
    {[%clk 1:25:39]}
3. Nf3 
    {[%clk 1:30:48]}
3. ... b6 
    {[%clk 1:25:42]}
4. g3 
    {[%clk 1:31:07]}
4. ... Ba6 
    {[%clk 1:25:58]}
5. Nbd2 
    {[%clk 1:30:29]}
5. ... d5 
    {[%clk 1:24:12]}
6. Bg2 
    {[%clk 1:25:50]}
6. ... Be7 
    {[%clk 1:23:24]}
7. O-O 
    {[%clk 1:24:50]}
7. ... O-O 
    {[%clk 1:20:50]}
8. b3 
    {[%clk 1:21:05]}
8. ... Bb7 
    {[%clk 1:19:39]}
9. Bb2 
    {[%clk 1:19:56]}
9. ... Nbd7 
    {[%clk 1:13:32]}
10. e3 
    {[%clk 1:16:42]}
10. ... c5 
    {[%clk 1:09:52]}
11. Qe2 
    {[%clk 1:15:11]}
11. ... Rc8 
    {[%clk 1:08:14]}
12. Rfd1 
    {[%clk 1:14:46]}
12. ... Qc7 
    {[%clk 1:05:24]}
13. Rac1 
    {[%clk 1:12:24]}
13. ... Rfd8 
    {[%clk 1:03:09]}
14. cxd5 
    {[%clk 1:04:08]}
14. ... exd5 
    {[%clk 1:01:38]}
15. Ne5 
    {[%clk 1:00:30]}
15. ... Nf8 
    {[%clk 0:57:45]}
16. dxc5 
    {[%clk 0:57:11]}
16. ... bxc5 
    {[%clk 0:56:40]}
17. e4 
    {[%clk 0:57:08]}
17. ... dxe4 
    {[%clk 0:52:22]}
18. Nxe4 
    {[%clk 0:54:48]}
18. ... Rxd1+ 
    {[%clk 0:52:07]}
19. Rxd1 
    {[%clk 0:55:05]}
19. ... Nxe4 
    {[%clk 0:52:02]}
20. Bxe4 
    {[%clk 0:55:28]}
20. ... Bxe4 
    {[%clk 0:51:46]}
21. Qxe4 
    {[%clk 7:05:21]}
21. ... Bf6 
    {[%clk 0:51:00]}
22. Nc4 
    {[%clk 0:46:33]}
22. ... Bxb2 
    {[%clk 0:50:32]}
23. Nxb2 
    {[%clk 0:46:58]}
23. ... Ne6 
    {[%clk 0:49:28]}
24. Nc4 
    {[%clk 0:45:04]}
24. ... Rd8 
    {[%clk 0:48:42]}
25. Rd5 
    {[%clk 0:39:43]}
25. ... h6 
    {[%clk 0:46:24]}
26. Kg2 
    {[%clk 0:37:01]}
26. ... Qe7 
    {[%clk 0:42:05]}
27. Rxd8+ 
    {[%clk 0:31:59]}
27. ... Qxd8 
    {[%clk 0:42:30]}
28. Qb7 
    {[%clk 0:27:43]}
28. ... Qd4 
    {[%clk 0:38:47]}
29. h4 
    {[%clk 0:24:19]}
29. ... g6 
    {[%clk 0:34:19]}
30. Qb8+ 
    {[%clk 0:18:20]}
30. ... Kh7 
    {[%clk 0:32:39]}
31. Qe5 
    {[%clk 0:17:46]}
31. ... Qd7 
    {[%clk 0:32:22]}
32. Qe4 
    {[%clk 0:15:22]}
32. ... Kg7 
    {[%clk 0:29:14]}
33. Ne3 
    {[%clk 0:12:38]}
33. ... h5 
    {[%clk 0:23:46]}
34. Qe5+ 
    {[%clk 0:11:34]}
34. ... f6 
    {[%clk 0:23:58]}
35. Qd5 
    {[%clk 0:11:58]}
35. ... Qe7 
    {[%clk 0:19:52]}
36. Nc4 
    {[%clk 0:11:12]}
36. ... Qf7 
    {[%clk 0:17:36]}
37. Kf1 
    {[%clk 0:07:57]}
37. ... Qe7 
    {[%clk 0:16:53]}
38. Nd6 
    {[%clk 0:07:38]}
38. ... Nd4 
    {[%clk 0:15:18]}
39. Ne4 
    {[%clk 0:03:10]}
39. ... Ne6 
    {[%clk 0:13:52]}
40. Qd6 
    {[%clk 0:31:17]}
40. ... Kf7 
    {[%clk 0:43:28]}
41. Qd5 
    {[%clk 0:30:25]}
41. ... Kg7 
    {[%clk 0:42:39]}
42. Kg2 
    {[%clk 0:28:43]}
42. ... Nc7 
    {[%clk 0:29:25]}
43. Qc6 
    {[%clk 0:26:41]}
43. ... Ne6 
    {[%clk 0:28:51]}
44. Nd6 
    {[%clk 0:25:09]}
44. ... f5 
    {[%clk 0:26:31]}
45. Nc8 
    {[%clk 0:23:26]}
45. ... Qf6 
    {[%clk 0:25:27]}
46. Qd7+ 
    {[%clk 0:22:33]}
46. ... Kf8 
    {[%clk 0:25:14]}
47. Qd6+ 
    {[%clk 0:18:00]}
47. ... Kf7 
    {[%clk 0:24:53]}
48. Nxa7 
    {[%clk 0:17:58]}
48. ... f4 
    {[%clk 0:24:46]}
49. Nc6 
    {[%clk 0:17:09]}
49. ... fxg3 
    {[%clk 0:23:51]}
50. fxg3 
    {[%clk 0:16:28]}
50. ... Qb2+ 
    {[%clk 0:23:07]}
51. Kh3 
    {[%clk 0:16:01]}
51. ... Qe2 
    {[%clk 0:21:50]}
52. Ne5+ 
    {[%clk 0:09:17]}
52. ... Kf6 
    {[%clk 0:20:16]}
53. Nd7+ 
    {[%clk 0:09:42]}
53. ... Kf7 
    {[%clk 0:19:49]}
54. Ne5+ 
    {[%clk 0:09:40]}
54. ... Kf6 
    {[%clk 0:19:55]}
55. Nd3 
    {[%clk 0:09:34]}
55. ... Kf7 
    {[%clk 0:11:43]}
56. Qd5 
    {[%clk 0:08:55]}
56. ... Kf6 
    {[%clk 0:11:30]}
57. Qd6 
    {[%clk 0:08:31]}
57. ... Kf7 
    {[%clk 0:11:36]}
58. Nf4 
    {[%clk 0:08:16]}
58. ... Qf1+ 
    {[%clk 0:11:43]}
59. Kh2 
    {[%clk 0:08:42]}
59. ... Qf2+ 
    {[%clk 0:12:01]}
60. Kh3 
    {[%clk 0:05:55]}
60. ... Qf1+ 
    {[%clk 0:12:25]}
61. Kh2 1/2-1/2

[Event "N1 Reykjavik Open 2014"]
[Site "Reykjavik, Iceland"]
[Date "2014.03.12"]
[Round "10.4"]
[White "Rozentalis, Eduardas"]
[Black "Gajewski, Grzegorz"]
[Result "1-0"]
[WhiteElo "2623"]
[BlackElo "2631"]
[LiveChessVersion "1.4.2"]

1. e4 
    {[%clk 1:30:57]}
1. ... e5 
    {[%clk 1:30:54]}
2. Nf3 
    {[%clk 1:31:12]}
2. ... Nc6 
    {[%clk 1:31:16]}
3. Bb5 
    {[%clk 1:31:23]}
3. ... Nge7 
    {[%clk 1:31:38]}
4. c3 
    {[%clk 1:29:55]}
4. ... g6 
    {[%clk 1:27:59]}
5. d4 
    {[%clk 1:29:29]}
5. ... exd4 
    {[%clk 1:27:58]}
6. cxd4 
    {[%clk 1:29:55]}
6. ... Bg7 
    {[%clk 1:16:40]}
7. d5 
    {[%clk 1:28:35]}
7. ... a6 
    {[%clk 1:17:02]}
8. Be2 
    {[%clk 1:23:56]}
8. ... Ne5 
    {[%clk 1:17:13]}
9. Nxe5 
    {[%clk 1:22:28]}
9. ... Bxe5 
    {[%clk 1:17:38]}
10. Nc3 
    {[%clk 1:21:46]}
10. ... d6 
    {[%clk 1:13:20]}
11. Be3 
    {[%clk 1:18:33]}
11. ... O-O 
    {[%clk 1:08:08]}
12. f4 
    {[%clk 1:15:16]}
12. ... Bg7 
    {[%clk 1:03:33]}
13. Bd4 
    {[%clk 1:14:59]}
13. ... Bxd4 
    {[%clk 1:01:51]}
14. Qxd4 
    {[%clk 1:15:17]}
14. ... c5 
    {[%clk 1:02:11]}
15. dxc6 
    {[%clk 1:15:18]}
15. ... Nxc6 
    {[%clk 1:02:25]}
16. Qd2 
    {[%clk 1:14:15]}
16. ... Qb6 
    {[%clk 0:37:35]}
17. Nd5 
    {[%clk 1:11:56]}
17. ... Qd4 
    {[%clk 0:37:50]}
18. O-O-O 
    {[%clk 1:06:14]}
18. ... Qxd2+ 
    {[%clk 0:35:26]}
19. Rxd2 
    {[%clk 1:06:26]}
19. ... Be6 
    {[%clk 0:35:21]}
20. Rhd1 
    {[%clk 1:01:29]}
20. ... Rad8 
    {[%clk 0:33:21]}
21. Nc3 
    {[%clk 0:51:57]}
21. ... Rc8 
    {[%clk 0:26:09]}
22. Rxd6 
    {[%clk 0:49:19]}
22. ... Rfe8 
    {[%clk 0:26:26]}
23. g4 
    {[%clk 0:36:02]}
23. ... b5 
    {[%clk 0:04:18]}
24. Kb1 
    {[%clk 0:33:53]}
24. ... b4 
    {[%clk 0:02:45]}
25. Na4 
    {[%clk 0:32:01]}
25. ... b3 
    {[%clk 0:03:12]}
26. a3 
    {[%clk 0:30:02]}
26. ... Na5 
    {[%clk 0:03:25]}
27. Nc3 
    {[%clk 0:24:58]}
27. ... Bc4 
    {[%clk 0:02:55]}
28. Bxc4 
    {[%clk 0:19:28]}
28. ... Nxc4 
    {[%clk 0:03:23]}
29. Rxa6 
    {[%clk 0:19:51]}
29. ... Rcd8 
    {[%clk 0:03:36]}
30. Rxd8 
    {[%clk 0:18:01]}
30. ... Rxd8 
    {[%clk 0:04:04]}
31. Rc6 
    {[%clk 0:18:17]}
31. ... Rd4 
    {[%clk 0:03:45]}
32. g5 
    {[%clk 0:10:24]}
32. ... Kg7 
    {[%clk 0:02:30]}
33. Kc1 
    {[%clk 0:09:50]}
33. ... h5 
    {[%clk 0:02:19]}
34. Rc5 
    {[%clk 0:08:45]}
34. ... Ne3 
    {[%clk 0:02:19]}
35. Rb5 
    {[%clk 0:08:20]}
35. ... Rd3 
    {[%clk 0:01:04]}
36. Rxb3 
    {[%clk 0:07:24]}
36. ... h4 
    {[%clk 0:01:30]}
37. a4 
    {[%clk 0:05:00]}
37. ... h3 
    {[%clk 0:01:59]}
38. a5 
    {[%clk 0:04:38]}
38. ... Nf1 
    {[%clk 0:02:10]}
39. a6 
    {[%clk 0:03:44]}
39. ... Nxh2 
    {[%clk 0:02:37]}
40. a7 
    {[%clk 0:33:15]}
40. ... Nf3 
    {[%clk 0:31:22]}
41. a8=Q 
    {[%clk 0:21:01]}
41. ... h2 
    {[%clk 0:31:50]}
42. Rb8 
    {[%clk 0:21:14]}
42. ... h1=Q+ 
    {[%clk 0:31:16]}
43. Kc2 
    {[%clk 0:21:41]}
43. ... Rd2+ 
    {[%clk 0:19:36]}
44. Kb3 
    {[%clk 0:21:56]}
44. ... Qh7 
    {[%clk 0:20:01]}
45. Ka2 
    {[%clk 0:20:33]}
1-0

[Event "N1 Reykjavik Open 2014"]
[Site "Reykjavik, Iceland"]
[Date "2014.03.12"]
[Round "10.5"]
[White "Harika, Dronavalli"]
[Black "Naiditsch, Arkadij"]
[Result "1/2-1/2"]
[WhiteElo "2487"]
[BlackElo "2706"]
[LiveChessVersion "1.4.2"]

1. d4 
    {[%clk 1:28:33]}
1. ... Nf6 
    {[%clk 1:30:32]}
2. c4 
    {[%clk 1:28:13]}
2. ... e6 
    {[%clk 1:30:55]}
3. g3 
    {[%clk 1:28:40]}
3. ... Bb4+ 
    {[%clk 1:26:45]}
4. Bd2 
    {[%clk 1:27:28]}
4. ... Qe7 
    {[%clk 1:27:00]}
5. Nf3 
    {[%clk 1:21:12]}
5. ... Nc6 
    {[%clk 1:21:32]}
6. Bg2 
    {[%clk 1:17:04]}
6. ... Bxd2+ 
    {[%clk 1:21:51]}
7. Nbxd2 
    {[%clk 1:17:33]}
7. ... d6 
    {[%clk 1:22:08]}
8. O-O 
    {[%clk 1:17:42]}
8. ... a5 
    {[%clk 1:22:27]}
9. e4 
    {[%clk 1:17:24]}
9. ... e5 
    {[%clk 1:22:41]}
10. d5 
    {[%clk 1:17:37]}
10. ... Nb8 
    {[%clk 1:22:59]}
11. Ne1 
    {[%clk 1:17:06]}
11. ... O-O 
    {[%clk 1:22:56]}
12. Nd3 
    {[%clk 1:17:15]}
12. ... Na6 
    {[%clk 1:23:11]}
13. a3 
    {[%clk 1:16:08]}
13. ... c6 
    {[%clk 1:19:09]}
14. dxc6 
    {[%clk 1:06:33]}
14. ... bxc6 
    {[%clk 1:18:28]}
15. b4 
    {[%clk 1:07:02]}
15. ... Bg4 
    {[%clk 1:07:41]}
16. Bf3 
    {[%clk 1:02:00]}
16. ... Bh3 
    {[%clk 1:04:15]}
17. Re1 
    {[%clk 1:00:19]}
17. ... Nd7 
    {[%clk 0:57:25]}
18. Nb3 
    {[%clk 0:52:47]}
18. ... axb4 
    {[%clk 0:57:13]}
19. axb4 
    {[%clk 0:52:58]}
19. ... c5 
    {[%clk 0:57:28]}
20. bxc5 
    {[%clk 0:43:32]}
20. ... dxc5 
    {[%clk 0:55:45]}
21. Bg4 
    {[%clk 0:43:55]}
21. ... Bxg4 
    {[%clk 0:55:38]}
22. Qxg4 
    {[%clk 0:44:23]}
22. ... Nc7 
    {[%clk 0:51:57]}
23. Rxa8 
    {[%clk 0:42:46]}
23. ... Rxa8 
    {[%clk 0:52:16]}
24. Ra1 
    {[%clk 0:40:50]}
24. ... Rb8 
    {[%clk 0:50:15]}
25. Qd1 
    {[%clk 0:26:12]}
25. ... Ne6 
    {[%clk 0:48:28]}
26. Nbc1 
    {[%clk 0:21:51]}
26. ... Qd6 
    {[%clk 0:39:55]}
27. Ne2 
    {[%clk 0:20:21]}
27. ... Nf6 
    {[%clk 0:40:08]}
28. f3 
    {[%clk 0:15:46]}
28. ... g5 
    {[%clk 0:39:29]}
29. Nf2 
    {[%clk 0:15:42]}
29. ... Qxd1+ 
    {[%clk 0:33:16]}
30. Rxd1 
    {[%clk 0:15:39]}
30. ... Rb2 
    {[%clk 0:33:28]}
31. Kf1 
    {[%clk 0:10:15]}
31. ... Nd4 
    {[%clk 0:33:27]}
32. Nxd4 
    {[%clk 0:10:37]}
32. ... exd4 
    {[%clk 0:33:30]}
33. Nd3 
    {[%clk 0:08:52]}
33. ... Rxh2 
    {[%clk 0:33:33]}
34. Kg1 
    {[%clk 0:07:23]}
34. ... Ra2 
    {[%clk 0:26:30]}
35. Nxc5 
    {[%clk 0:06:09]}
35. ... Nh5 
    {[%clk 0:26:48]}
36. g4 
    {[%clk 0:03:41]}
36. ... Nf4 
    {[%clk 0:26:55]}
37. Kf1 
    {[%clk 0:02:37]}
37. ... Ra3 
    {[%clk 0:06:06]}
38. Kf2 
    {[%clk 0:02:59]}
38. ... Ra2+ 
    {[%clk 0:02:28]}
39. Kf1 
    {[%clk 0:03:27]}
39. ... Nh3 
    {[%clk 0:02:41]}
40. Nd3 
    {[%clk 0:31:46]}
40. ... Rc2 
    {[%clk 0:32:08]}
41. c5 
    {[%clk 0:31:46]}
41. ... Kf8 
    {[%clk 0:31:11]}
42. c6 
    {[%clk 0:29:23]}
42. ... Ke7 
    {[%clk 0:27:58]}
43. c7 
    {[%clk 0:23:24]}
43. ... Kd7 
    {[%clk 0:25:51]}
44. Ne5+ 
    {[%clk 0:23:24]}
44. ... Kxc7 
    {[%clk 0:25:28]}
45. Rxd4 
    {[%clk 0:23:50]}
45. ... f6 
    {[%clk 0:14:36]}
46. Rc4+ 
    {[%clk 0:24:12]}
46. ... Rxc4 
    {[%clk 0:14:56]}
47. Nxc4 
    {[%clk 0:24:41]}
47. ... Nf4 
    {[%clk 0:14:51]}
48. e5 
    {[%clk 0:24:44]}
48. ... fxe5 
    {[%clk 0:14:54]}
1/2-1/2

[Event "N1 Reykjavik Open 2014"]
[Site "Reykjavik, Iceland"]
[Date "2014.03.12"]
[Round "10.6"]
[White "Rapport, Richard"]
[Black "Djurhuus, Rune"]
[Result "1/2-1/2"]
[WhiteElo "2681"]
[BlackElo "2447"]
[LiveChessVersion "1.4.2"]

1. b3 
    {[%clk 1:24:24]}
1. ... e6 
    {[%clk 1:25:08]}
2. Bb2 
    {[%clk 1:24:49]}
2. ... d5 
    {[%clk 1:25:32]}
3. Nf3 
    {[%clk 1:24:50]}
3. ... Nf6 
    {[%clk 1:25:24]}
4. g3 
    {[%clk 1:25:11]}
4. ... c5 
    {[%clk 1:25:44]}
5. Bg2 
    {[%clk 1:25:36]}
5. ... Nc6 
    {[%clk 1:26:11]}
6. O-O 
    {[%clk 1:25:54]}
6. ... Bd6 
    {[%clk 1:26:19]}
7. e3 
    {[%clk 1:24:06]}
7. ... O-O 
    {[%clk 1:25:48]}
8. c4 
    {[%clk 1:24:28]}
8. ... dxc4 
    {[%clk 1:22:15]}
9. bxc4 
    {[%clk 1:24:54]}
9. ... e5 
    {[%clk 1:22:40]}
10. Nc3 
    {[%clk 1:24:08]}
10. ... Be6 
    {[%clk 1:22:47]}
11. d3 
    {[%clk 1:23:18]}
11. ... h6 
    {[%clk 1:22:40]}
12. e4 
    {[%clk 1:20:33]}
12. ... Qd7 
    {[%clk 1:17:15]}
13. Nd5 
    {[%clk 1:20:02]}
13. ... Nh7 
    {[%clk 1:17:13]}
14. Nh4 
    {[%clk 1:19:58]}
14. ... Nd4 
    {[%clk 1:12:36]}
15. f4 
    {[%clk 1:17:32]}
15. ... b5 
    {[%clk 1:05:34]}
16. Bxd4 
    {[%clk 1:11:56]}
16. ... cxd4 
    {[%clk 1:05:29]}
17. fxe5 
    {[%clk 1:10:08]}
17. ... Bxe5 
    {[%clk 1:05:31]}
18. Qh5 
    {[%clk 1:10:02]}
18. ... Ng5 
    {[%clk 0:59:51]}
19. Nf5 
    {[%clk 1:10:02]}
19. ... f6 
    {[%clk 0:57:25]}
20. Nde7+ 
    {[%clk 1:04:38]}
20. ... Kh8 
    {[%clk 0:57:49]}
21. Ng6+ 
    {[%clk 1:05:01]}
21. ... Kh7 
    {[%clk 0:58:07]}
22. Nxf8+ 
    {[%clk 1:02:18]}
22. ... Rxf8 
    {[%clk 0:58:29]}
23. cxb5 
    {[%clk 1:02:19]}
23. ... Qxb5 
    {[%clk 0:56:20]}
24. Qe2 
    {[%clk 1:01:48]}
24. ... Rc8 
    {[%clk 0:49:15]}
25. Rab1 
    {[%clk 0:54:51]}
25. ... Qa6 
    {[%clk 0:49:27]}
26. Rb4 
    {[%clk 0:52:04]}
26. ... Rc3 
    {[%clk 0:42:29]}
27. Rfb1 
    {[%clk 0:50:54]}
27. ... Bc7 
    {[%clk 0:32:51]}
28. a4 
    {[%clk 0:35:51]}
28. ... Bb6 
    {[%clk 0:29:53]}
29. h4 
    {[%clk 0:33:48]}
29. ... Nf7 
    {[%clk 0:30:04]}
30. Qg4 
    {[%clk 0:27:00]}
30. ... g6 
    {[%clk 0:28:53]}
31. h5 
    {[%clk 0:27:15]}
31. ... g5 
    {[%clk 0:28:52]}
32. e5 
    {[%clk 0:27:43]}
32. ... Nxe5 
    {[%clk 0:25:36]}
33. Qe4 
    {[%clk 0:28:07]}
33. ... Qxd3 
    {[%clk 0:26:00]}
34. Qb7+ 
    {[%clk 0:22:14]}
34. ... Rc7 
    {[%clk 0:23:56]}
35. Rxb6 
    {[%clk 0:22:04]}
35. ... Rxb7 
    {[%clk 0:24:20]}
36. Rxb7+ 
    {[%clk 0:22:31]}
36. ... Bd7 
    {[%clk 0:16:39]}
37. Re1 
    {[%clk 0:22:55]}
37. ... Kh8 
    {[%clk 0:12:34]}
38. Rb8+ 
    {[%clk 0:18:18]}
38. ... Kh7 
    {[%clk 0:12:57]}
39. Rb7 
    {[%clk 0:11:27]}
39. ... Kh8 
    {[%clk 0:13:06]}
40. Rb8+ 
    {[%clk 0:41:43]}
40. ... Kh7 
    {[%clk 0:43:26]}
41. Rb7 
    {[%clk 0:40:52]}
1/2-1/2